| 000 -LEADER |
| fixed length control field |
01077nam a2200205Ia 4500 |
| 003 - CONTROL NUMBER IDENTIFIER |
| control field |
OSt |
| 005 - DATE AND TIME OF LATEST TRANSACTION |
| control field |
20241011145142.0 |
| 007 - PHYSICAL DESCRIPTION FIXED FIELD--GENERAL INFORMATION |
| fixed length control field |
ca aa aaaaa |
| 008 - FIXED-LENGTH DATA ELEMENTS--GENERAL INFORMATION |
| fixed length control field |
201103s9999 xx 000 0 und d |
| 040 ## - CATALOGING SOURCE |
| Transcribing agency |
SSBUL |
| 041 ## - LANGUAGE CODE |
| Language code of text/sound track or separate title |
bur |
| 082 ## - DEWEY DECIMAL CLASSIFICATION NUMBER |
| Edition number |
23 |
| Classification number |
၂၉၄.၃၄၃၅၀၉ မင်း |
| Item number |
၉၂၉၃ S-SAT |
| 245 00 - TITLE STATEMENT |
| Title |
မင်းဘူးမြို့သမိုင်းဝင် ရှင်ပင်စက္ကိန်းတဲ စေတီတော်သမိုင်း။ |
| 260 ## - PUBLICATION, DISTRIBUTION, ETC. |
| Place of publication, distribution, etc. |
မင်းဘူး ၊ |
| Name of publisher, distributor, etc. |
ရှင်ပင်စက္ကိန်းတဲဘဏ္ဍာတော်ထိန်းဂေါပကအဖွဲ့၊ |
| Date of publication, distribution, etc. |
[ခုနှစ်မပါ]။ |
| 300 ## - PHYSICAL DESCRIPTION |
| Extent |
၈၇ စာမျက်နှာ ၊ |
| Other physical details |
ဓါတ်ပုံများ ၊ |
| Dimensions |
၁၆ စင်တီ။ |
| 500 ## - GENERAL NOTE |
| General note |
S-SAT: Dr. Sai Aung Tun |
| 650 ## - SUBJECT ADDED ENTRY--TOPICAL TERM |
| Topical term or geographic name entry element |
စေတီပုထိုး |
| Geographic subdivision |
မင်းဘူးမြို့ |
| 9 (RLIN) |
55049 |
|
| Topical term or geographic name entry element |
ရှင်ပင်စက္ကိန်းတဲစေတီ |
| General subdivision |
သမိုင်း |
| 9 (RLIN) |
55050 |
| 942 ## - ADDED ENTRY ELEMENTS (KOHA) |
| Source of classification or shelving scheme |
|
| Koha item type |
Book (Short term) |